| 000 | 01409nam0a22003011 4500 | ||
|---|---|---|---|
| 001 | v19\rc\1414134 | ||
| 005 | 20260406093324.0 | ||
| 035 | _a(NLR Aleph) 005223486 | ||
| 090 |
_a5529794 _c5529794 |
||
| 100 | _a20060512d1880 |||y0rusy50 ca | ||
| 101 | 1 |
_arus _cfre |
|
| 102 | _aRU | ||
| 105 | _ay z ||||| | ||
| 200 | 1 |
_aНовая метода выучиться правильно читать, писать и говорить на французском языке в продолжение 6-ти месяцев _fПер. с послед. париж. изд. К.В. Назарьевой |
|
| 210 |
_aСанкт-Петербург _cИ.Л. Тузов _d1880 |
||
| 215 |
_a[4], 496, II с. _d22 |
||
| 300 | _aПеред загл. авт.: проф. Оллендорф | ||
| 311 | _aКлюч..., 1880 (шифр: 18.8.8.41(2)) | ||
| 421 | 0 |
_11010#$arus _12001#$aКлюч... _1210##$d1880 _1215##$a[2], 151 с. _1899##$aNLR$j18.8.8.41(2) _tКлюч... |
|
| 700 | 1 |
_aОллендорф _bГ. Г. _f1803-1865 _gГенрих Готфрид |
|
| 702 | 1 |
_4730 _8rus _7ca _aНазарьева _bК. В. _f1847-1900 _gКапитолина Валериановна _3RU\NLR\AUTH\7765725 _948654 |
|
| 801 | 2 |
_aRU _bNLR _c20090209 _2rusmarc |
|
| 801 | 0 |
_aRU _bNLR _c20060512 _gpsbo |
|
| 801 | 0 |
_aRU _bRuMoRGB _c20060512 _2psbo |
|
| 801 | 1 |
_aRU _bProSoft-M _c20060512 _2rusmarc |
|
| 852 |
_aNLR _j18.8.8.41(1) |
||
| 942 | _cBOOK | ||
| 980 | _aNB | ||